000 00453nam a2200157Ia 4500
008 210210b1990 xxu||||| |||| 00| 0 eng d
020 _a81 224 0272 0
082 _a510.1 KRIC
100 _aKRISHNAMURTHY (V).
245 _aCulture, excitement and relevance of mathematics.
260 _aMadras
_bWiley Eastern Ltd.
_c1990
300 _a327
650 _aMathematics Maths Excitement Relevance Mathematics
690 _aMathematics
906 _a045876
999 _c95090
_d95090